Online
Catalog

Dejados atrás : (Record no. 3214)

MARC details
000 -CABECERA
campo de control de longitud fija 00810cam a2200265 a 4500
001 - NÚMERO DE CONTROL
campo de control 000003384
003 - IDENTIFICADOR DEL NÚMERO DE CONTROL
campo de control DO-SdBNP
005 - FECHA Y HORA DE LA ÚLTIMA TRANSACCIÓN
campo de control 20220808111600.0
007 - CAMPO FIJO DE DESCRIPCIÓN FÍSICA--INFORMACIÓN GENERAL
campo de control de longitud fija ta
008 - DATOS DE LONGITUD FIJA--INFORMACIÓN GENERAL
campo de control de longitud fija 950503s1998 ck 000 1 spa
020 ## - NÚMERO INTERNACIONAL ESTÁNDAR DEL LIBRO
Número Internacional Estándar del Libro 0789903733
040 ## - FUENTE DE LA CATALOGACIÓN
Centro catalogador/agencia de origen DO-SdBNP
Centro/agencia transcriptor BNPHU
Lengua de catalogación spa
082 #4 - NÚMERO DE LA CLASIFICACIÓN DECIMAL DEWEY
Número de clasificación 813.54
Número de documento/Ítem L183d
Número de edición 22
100 1# - ENTRADA PRINCIPAL--NOMBRE DE PERSONA
Nombre de persona LaHaye, Tim F.
9 (RLIN) 10555
245 10 - MENCIÓN DE TÍTULO
Título Dejados atrás :
Resto del título Una novela de los postreros de la Tierra /
Mención de responsabilidad, etc. Tim LaHaye, Jerry B. Jenkins ; tradución Nellyda Pablovsky.
260 ## - PUBLICACIÓN, DISTRIBUCIÓN, ETC.
Lugar de publicación, distribución, etc. Miami, Fl. :
Nombre del editor, distribuidor, etc. Unilit,
Fecha de publicación, distribución, etc. 1998.
300 ## - DESCRIPCIÓN FÍSICA
Extensión 343 p. ;
Dimensiones 23 cm.
590 ## - NOTA LOCAL (RLIN)
Nota local Inventariado, 2022 / DG
650 #4 - PUNTO DE ACCESO ADICIONAL DE MATERIA--TÉRMINO DE MATERIA
Término de materia o nombre geográfico como elemento de entrada Novela estadounidense
9 (RLIN) 262
650 #4 - PUNTO DE ACCESO ADICIONAL DE MATERIA--TÉRMINO DE MATERIA
Término de materia o nombre geográfico como elemento de entrada Literatura estadounidense
9 (RLIN) 263
700 1# - PUNTO DE ACCESO ADICIONAL--NOMBRE DE PERSONA
Nombre de persona Jenkins, Jerry B.
9 (RLIN) 10556
700 1# - PUNTO DE ACCESO ADICIONAL--NOMBRE DE PERSONA
Nombre de persona Pablovsky, Nellyda,
Término indicativo de función/relación tr.
9 (RLIN) 10557
910 ## - DATOS DE OPCIÓN DEL USUARIO (OCLC)
Datos de opción del usuario DG
942 ## - ELEMENTOS DE PUNTO DE ACCESO ADICIONAL (KOHA)
Fuente del sistema de clasificación o colocación Dewey Decimal Classification
Tipo de ítem Koha Libro
Holdings
Estado de retiro Estado de pérdida Fuente del sistema de clasificación o colocación Restricciones de uso No para préstamo Código de colección Localización permanente Ubicación/localización actual Ubicación en estantería Fecha de adquisición Signatura topográfica completa Código de barras Fecha visto por última vez Precio válido a partir de Tipo de ítem Koha
    Dewey Decimal Classification Excluido de préstamo   General Biblioteca Nacional Pedro Henríquez Ureña Biblioteca Nacional Pedro Henríquez Ureña Depósito 08.07.2009 BNPHU GR 813.54 L183d 3384-10 25.06.2020 25.06.2020 Libro

Powered by Koha